MLB Alternate Logos Quiz - Statistics

General Stats
  • This quiz has been taken 433 times
  • The average score is 25 of 30
Answer Stats
Picture Answer % Correct
Los Angeles Angels
98%
Los Angeles Dodgers
95%
New York Mets
95%
Toronto Blue Jays
94%
Chicago Cubs
93%
Oakland Athletics
93%
Atlanta Braves
92%
Boston Red Sox
92%
Chicago White Sox
91%
Houston Astros
91%
Pittsburgh Pirates
91%
Cincinnati Reds
90%
Detroit Tigers
89%
New York Yankees
89%
Philadelphia Phillies
88%
San Francisco Giants
87%
Colorado Rockies
86%
Texas Rangers
86%
Washington Nationals
86%
St Louis Cardinals
85%
San Diego Padres
84%
Kansas City Royals
83%
Cleveland Guardians
81%
Miami Marlins
81%
Arizona Diamondbacks
76%
Minnesota Twins
76%
Tampa Bay Rays
72%
Baltimore Orioles
65%
Seattle Mariners
48%
Millwaukee Brewers
31%
No matching quizzes found
Score Distribution
Percent of People with Each Score
Percentile by Number Answered
Your Score History
You have not taken this quiz